Ngôn ngữ lập trình pascal Với Turbo PASCAL 5.0 - 7.0 : Giáo trình cơ bản, dễ học, giành cho tất cả mọi người
Ngôn ngữ lập trình và máy tính. Các phần tử cơ bản của ngôn ngữ PASCAL, các kiểu dữ liệu. Thủ tục ra, vào dữ liệu. Con trỏ và cấu trúc động của dữ liệu. Màn hình và chế độ graphích v.v..
Đã lưu trong:
| 主要作者: | |
|---|---|
| 格式: | 圖書 |
| 語言: | Vietnamese |
| 出版: |
H.
Giáo dục
1998
|
| 主題: | |
| 標簽: |
添加標簽
沒有標簽, 成為第一個標記此記錄!
|
| Thư viện lưu trữ: | Mạng thư viện Đại học Đà Nẵng |
|---|
| LEADER | 01490nam a22003738a 4500 | ||
|---|---|---|---|
| 001 | 000012896 | ||
| 003 | 9220 | ||
| 005 | 20121022091048.0 | ||
| 008 | 120302s1998 b 000 0 od | ||
| 020 | |d 1000b | ||
| 041 | 0 | |a 9805 | |
| 041 | 0 | |a vie | |
| 080 | |a 6T7.3-018.1(075) | ||
| 082 | |a 005.13 |b QU-N | ||
| 084 | |a F973.2-018z73 |b NG454N | ||
| 100 | 1 | |a Quách Tấn Ngọc | |
| 245 | 1 | 0 | |a Ngôn ngữ lập trình pascal |b Với Turbo PASCAL 5.0 - 7.0 : Giáo trình cơ bản, dễ học, giành cho tất cả mọi người |c Quách Tấn Ngọc |
| 260 | |a H. |b Giáo dục |c 1998 | ||
| 300 | |a 337tr : hình vẽ |c 25cm | ||
| 500 | |a Thư mục: tr. 333-337 | ||
| 520 | |a Ngôn ngữ lập trình và máy tính. Các phần tử cơ bản của ngôn ngữ PASCAL, các kiểu dữ liệu. Thủ tục ra, vào dữ liệu. Con trỏ và cấu trúc động của dữ liệu. Màn hình và chế độ graphích v.v.. | ||
| 653 | |a Máy vi tính | ||
| 653 | |a PASCAL - ngôn ngữ lập trình | ||
| 653 | |a giáo trình | ||
| OWN | |a LSP | ||
| AVA | |a UDN50 |b LSP |d 005.13 QU-N |e check_holdings |t Error 5003 Not defined in file expand_doc_bib_avail. |h N |k 1 | ||
| 999 | |a From the UDN01 | ||
| AVA | |a UDN50 |b LSP |d 005.13 QU-N |e available |t Error 5001 Not defined in file expand_doc_bib_avail. |f 31 |g 0 |h N |i 0 |k 1 | ||
| TYP | |a Monograph | ||
| TYP | |a Printed language | ||
| 980 | |a Mạng thư viện Đại học Đà Nẵng | ||